Augmented Spaces and Maps : Das Design von kartenbasierten Interfaces /

Mit der Konvergenz von Raum, Medien und Design verändern sich nicht nur Designpraktiken radikal, sondern auch die Oberflächen, die es zu gestalten gilt: Digitale Karten ermöglichen eine Schnittstelle zur physischen Welt und erlauben neuartige Formen von Navigation und räumlicher Erfahrung. Gleichzei...

Full description

Bibliographic Details
Main Author: Schranz, Christine (Author)
Corporate Author: Walter de Gruyter & Co
Format: eBook
Language:German
Language Notes:In German.
Published: Basel : Birkhäuser, [2019]
Subjects:
Online Access:Connect to the full text of this electronic book

MARC

Tag First Indicator Second Indicator Subfields
LEADER 00000cam a2200000Mi 4500
001 in00004774841
006 m o d
007 cr |||||||||||
008 191221s2019 sz fo d z000 0 ger d
005 20240212223553.2
035 |a (OCoLC)on1135589472 
040 |a DEGRU  |b eng  |e rda  |c DEGRU  |d SFB  |d AUD  |d OCLCO  |d OCLCF  |d OCLCO  |d OCLCQ  |d OCLCO  |d DEGRU 
019 |a 1291323677  |a 1295904499  |a 1295996434  |a 1303486307 
020 |a 9783035620252 
020 |a 3035620253 
024 7 |a 10.1515/9783035620252  |2 doi 
035 |a (OCoLC)1135589472  |z (OCoLC)1291323677  |z (OCoLC)1295904499  |z (OCoLC)1295996434  |z (OCoLC)1303486307 
044 |a sz  |c CH 
072 7 |a DES007000  |2 bisacsh 
072 7 |a AKC  |2 bicssc 
072 7 |a YQA  |2 bicssc 
082 0 4 |a 526.0285  |q OCoLC  |2 23/eng/20230216 
049 |a TXAM 
100 1 |a Schranz, Christine ,  |e author.  |4 aut  |4 http://id.loc.gov/vocabulary/relators/aut 
245 1 0 |a Augmented Spaces and Maps :  |b Das Design von kartenbasierten Interfaces /  |c Christine Schranz. 
264 1 |a Basel :  |b Birkhäuser,  |c [2019] 
264 4 |c ©2020 
300 |a 1 online resource (304 pages) 
336 |a text  |b txt  |2 rdacontent 
337 |a computer  |b c  |2 rdamedia 
338 |a online resource  |b cr  |2 rdacarrier 
347 |a text file  |b PDF  |2 rda 
505 0 0 |t Frontmatter --  |t Vorwort --  |t Inhaltsverzeichnis --  |t Einleitung --  |t Theorie --  |t 1. Raum -- Der digitale Spatial Turn --  |t 2. Interface -- Die Ästhetik von medialen Oberflächen --  |t 3. Macht -- Die neuen Kartograf_innen --  |t 4. Navigation -- Die Karte kommt in Bewegung --  |t Nachwort --  |t Anwendung --  |t 5. Augmented Space -- Am Beispiel des Zollfreilagers auf dem Dreispitz --  |t Anhang --  |t Kurzbiografie --  |t Literaturverzeichnis --  |t Abbildungsverzeichnis --  |t Projektbezogene Forschungsresultate aus Lehre und Forschung --  |t Danksagung --  |t Impressum 
520 |a Mit der Konvergenz von Raum, Medien und Design verändern sich nicht nur Designpraktiken radikal, sondern auch die Oberflächen, die es zu gestalten gilt: Digitale Karten ermöglichen eine Schnittstelle zur physischen Welt und erlauben neuartige Formen von Navigation und räumlicher Erfahrung. Gleichzeitig werfen Internetunternehmen als Kartografen Diskussionen über Ungleichheiten und hegemoniale Ansprüche auf. Dieses Buch führt in dieses Feld ein, skizziert wichtige Einflüsse, Theorien und Herangehensweisen und erklärt anhand aktueller Beispiele, wie kartenbasierte Interfaces funktionieren können. Die so entwickelten Grundlagen bieten aber auch Inspiration für einen kritischen und experimentellen Zugang, der für DesignerIinnen, PraktikerIinnen und für ein designinteressiertes Publikum von Belang ist. 
546 |a In German. 
588 0 |a Description based on online resource; title from PDF title page (publisher's Web site, viewed 21. Dez 2019). 
650 0 |a Arts in general. 
650 0 |a General education. 
650 6 |a Formation générale. 
650 7 |a Graphic design.  |2 bicssc 
650 7 |a Educational: Art & design.  |2 bicssc 
650 7 |a DESIGN / Graphic Arts / General.  |2 bisacsh 
650 7 |a General education  |2 fast 
655 7 |a Electronic books.  |2 local 
710 2 |a Walter de Gruyter & Co. 
776 0 |c print  |z 9783035620160 
856 4 0 |u https://www.degruyter.com/openurl?genre=book&isbn=9783035620252  |z Connect to the full text of this electronic book  |t 0 
955 |a De Gruyter Open Access ebooks 
994 |a 92  |b TXA 
999 f f |s d0ae1d43-e422-4bd7-8e01-f3c311371753  |i 9f880600-f81e-471f-894c-7055cd3e1956  |t 0 
952 f f |a Texas A&M University  |b College Station  |c Electronic Resources  |d Available Online  |t 0  |h Library of Congress classification 
998 f f |t 0  |l Available Online